| 000 | 01363cam a22002533a 4500 | ||
|---|---|---|---|
| 001 | 17171 | ||
| 003 | PGUSA | ||
| 005 | 20140828083351.0 | ||
| 008 | 051128s2005||||xxu|||||s|||||000 | eng d | ||
| 040 |
_aPGUSA _beng |
||
| 042 | _adc | ||
| 050 | 4 | _aSH | |
| 245 | 1 | 0 |
_aNew England Salmon Hatcheries and Salmon Fisheries in the Late 19th Century _h[electronic resource] / _cVarious |
| 260 |
_bProject Gutenberg, _c2005 |
||
| 505 | 0 | _aSome Results of the Artificial Propagation of Maine and California Salmon in New England and Canada, Recorded in the Years 1879 and 1880 -- Sketch of the Penobscot Salmon-Breeding Establishment (1883) -- Penning of Salmon in Order to Secure Their Eggs (1884) -- Memoranda Relative to Inclosures for the Confinement of Salmon Drawn from Experience at Bucksport, Penobscot River, Maine (1884) -- Report on the Schoodic Salmon Work of 1884-85 -- Methods Employed at Craig Brook Station in Rearing Young Salmonid Fishes (1893) -- Notes on the Capture of Atlantic Salmon at Sea and in the Coast Waters of the Eastern States (1894) | |
| 506 | _aPublic domain in the USA. | ||
| 516 | _aElectronic text | ||
| 653 | _aFisheries -- New England | ||
| 653 | _aFish hatcheries -- New England | ||
| 653 | _aSalmon -- New England | ||
| 830 | 0 |
_aProject Gutenberg _v17171 |
|
| 856 | 4 | 0 | _uhttp://www.gutenberg.org/ebooks/17171 |
| 942 | _cEB | ||
| 999 |
_c246426 _d246426 |
||